| 000 | 01341nam a2200229Ia 4500 | ||
|---|---|---|---|
| 001 | A085-34606 | ||
| 003 | IT-CnALBA | ||
| 008 | 170116s9999||||xx |||||||||||||| ||und|| | ||
| 040 |
_aIT-CnALBA _cIT-CnALBA |
||
| 041 | _aPOLIGLOTTA | ||
| 100 | _aBOSSUET JACQUES-BENIGNE VESCOVO DI MEAUX | ||
| 245 | 0 | _aOEUVRES DE MESSIRE JACQUE-BENIGNE BOSSUET. TOME II. PREFATIO IN LIBRUM SAPIENTIAE, LIBER SAPIENTIAE PRAEFACTIO IN. | |
| 250 | _a1a ed. | ||
| 260 |
_a LIEGE _bLIBRAIRES (LES) ASSOCIES _c1766 [1° Ed.:1766 - Ed.Ling.Originale: 1766] |
||
| 300 | _a644 p. (prefazione: 12) | ||
| 500 | _aBIBLIOTECA CANONICO CHIESA. PREFAZIONE AL LIBRO DELLA SAPIENZA. LIBRO DELLA SAPIENZA. PREFAZIONE ALL'ECCLESIASTICO E LIBRO DELL'ECCLESIASTICO. SPIEGAZIONE DEL PROFETA ISAIA SULLA MATERNITÀ DELLA VERGINE. TRADUZIONE E SPIEGAZIONE DEL SALMO XXI. APOCALISSE. | ||
| 501 | _aSocietà San Paolo EM - Piazza San Paolo, 14 - 12051 ALBA (CN) (non commercial uses only) ® Copyright 2017 | ||
| 520 | _aBIBLIOTECA CANONICO CHIESA. PREFAZIONE AL LIBRO DELLA SAPIENZA. LIBRO DELLA SAPIENZA. PREFAZIONE ALL'ECCLESIASTICO E LIBRO DELL'ECCLESIASTICO. SPIEGAZIONE DEL PROFETA ISAIA SULLA MATERNITÀ DELLA VERGINE. TRADUZIONE E SPIEGAZIONE DEL SALMO XXI. APOCALISSE. | ||
| 650 | _aRACCOLTE DI CARATTERE GEN. IN ITALIANO | ||
| 942 | _cBK | ||
| 957 | _71 | ||
| 999 |
_a39376 _bSI _g Copie: 1 _c293440 _d293440 |
||